Minimal art

Saved in:
Bibliographic Details
Main Author: Marzona, Daniel
Other Authors: Grosenick, Uta (Editor)
Format: Book
Language:English
German
Published: Köln : Taschen, c2004.
Series:Basic art series
Subjects:
Tags: Add Tag
No Tags, Be the first to tag this record!

MARC

LEADER 00000cam a2200000 i 4500
001 1/88470
008 080611s2004 gw | ||| |||| ||eng||
020 |a 3822830607 
035 |l 10098123 
040 |a GR-MyUa  |b gre  |e AACR2 
041 1 |a eng  |h ger 
082 7 |a 709.04   |2 (22) 
100 1 |a Marzona, Daniel. 
245 1 0 |a Minimal art /   |c Daniel Marzona ; Uta Grosenick (ed.). 
260 |a Köln :   |b Taschen,   |c c2004. 
300 |a 94 σ. :   |b εικ. (μερ. έγχρ.) ;   |c 23 εκ. 
490 1 |a (Basic art series) 
504 |a Βιβλιογραφία: σ. [96] 
650 0 |a Minimal art  |z United States. 
650 0 |a Art, American  |y 20th century. 
700 1 |a Grosenick, Uta,  |e edt 
830 0 |a Basic art series 
852 |a INST  |b SYROS  |e 20080611  |h 709.04 MAR  |p 005500005839  |q 005500005839  |t BK  |y 0 
901 |a BIBL5-2008-2 
922 |a 5ΕΛΗ  |b 200801  |c ΕΠΕΑΕΚ2/ΤΜΣΠΣ  |d Ελευθερουδάκης 
970 |a Κοντού  |b Παρασκευή  |z 11/06/2008